Statistics for Πρωτεύουσες του Κόσμου - Γ, Δ, Ε, Ζ, Ι

Click here to take the quiz!

General Stats

  • This quiz has been taken 197 times
  • The average score is 7 of 12

Answer Stats

Γ, Δ, Ε, Ζ, Ι% Correct
Δουβλίνο
82%
Ελσίνκι
78%
Ζάγκρεμπ
78%
Δαμασκός
72%
Γερεβάν
67%
Ισλαμαμπάντ
67%
Ιερουσαλήμ
62%
Γκιτέγκα
45%
Γιαμουσσούκρο
42%
Γκαμπορόνε
42%
Γιαουντέ
41%
Γιαρέν
32%

Score Distribution

Percentile by Number Answered

Percent of People with Each Score

Your Score History

You have not taken this quiz